Euro: the engine of integration or the seed of dissolution ?

Euro ako jednotná mena je považované za jeden z najväčších úspechov politickej a ekonomickej integrácie v Európe. Euro však bolo vždy predovšetkým politickým aktom. Väčšina ekonómov poukazuje na to, že EÚ nie je optimálnou menovou oblasťou pre spoločnú menu. Niektorí však dúfali, že sama existencia...

Full description

Saved in:
Bibliographic Details
Main Author: Rusek, Antonín
Format: Book Chapter
Language:English
Subjects:
Tags: Add Tag
No Tags, Be the first to tag this record!

MARC

LEADER 00000naa$a2200000$$$4500
001 0075810
005 20231129065423.0
041 0 |a eng 
044 |a CZ 
245 1 0 |a Euro: the engine of integration or the seed of dissolution ?  |c Antonín Rusek 
520 |a Euro ako jednotná mena je považované za jeden z najväčších úspechov politickej a ekonomickej integrácie v Európe. Euro však bolo vždy predovšetkým politickým aktom. Väčšina ekonómov poukazuje na to, že EÚ nie je optimálnou menovou oblasťou pre spoločnú menu. Niektorí však dúfali, že sama existencia eura môže proces vytvorenia optimálnej optimálnej oblasti urýchliť. To sa však nestalo a divergenčné procesy vo vnútri eurozóny po roku 1999 zosilnili. Budúce scenáre pre eurozónu. 
610 2 0 |a euro 
610 2 0 |a euromena 
610 2 0 |a eurozóna 
610 2 0 |a oblasti menové 
100 1 |a Rusek, Antonín